000 00474nam a2200145Ia 4500
008 211109s9999||||xx |||||||||||||| ||und||
082 _a894.8121
_bFAT-P
100 _aFather`s Of Chethippuzha,
245 0 _aPadhya Samaharam Fro Private Circulation Only
260 _bAssissi Printing House
_aChry
_c1959
300 _a62p.
630 _xGeneral Stack
650 _aMalayalam literature
_veconomysocial scienceSocial sciences--Study and teaching
_xGeneralia
942 _cBOOK
999 _c19004
_d19004